Statistiques concernant Pays d'Europe par superficie 1/2

Cliquez ici pour prendre le quiz!

Statistiques générales

  • Ce quiz a été pris 11 fois
  • Le résultat moyen est 6 sur 28

Statistiques - réponses

PaysSuperficie (en KM2)Derniers chiffres à remplacer par des 0% Correct
Monaco2X
78%
Liechtenstein10060
56%
Islande100 00003 000
56%
Malte30016
56%
Andorre40068
56%
Biélorussie200 00007 600
44%
Italie300 00001 340
44%
Lituanie65 000300
44%
Estonie45 000228
33%
Espagne500 00005 370
33%
Irlande70 000273
33%
Chypre9 000251
33%
Bulgarie110 0079
22%
Bosnie-Herzégovine51 000197
22%
Lettonie64 000589
22%
Allemagne357 000022
11%
Grèce131 90057
0%
Danemark2 210 0000 579
0%
Macédoine25 70013
0%
Luxembourg2 5806
0%
Albanie28 70048
0%
Belgique30 50028
0%
Moldavie33 80051
0%
Finlande338 000145
0%
Croatie56 5904
0%
France643 40027
0%
Autriche83 80071
0%
Hongrie93 000028
0%

Distribution des résultats

Percentile par nombre de réponses

% des personnes avec chaque résultat

Votre développement - résultats

Vous n’avez pas pris ce quiz